00673nam a2200193Ia 4500952014800000999001700148003000400165005001700169008004100186020001800227040000900245082001800254100003000272245007600302260003800378300000900416650001200425942004200437 00102ddc40708HISTORYaMESbMEScHISd2019-02-20g250.00l3m3o954.02 SHA/Ep28147r2024-03-27 11:18:27s2024-03-07w2019-02-20yBKzGL36R3 c20920d20920OSt20200622125929.0190216s9999||||xx |||||||||||||| ||und|| a9788125025238 coclc a954.02bSHA/E aSharma, Ram Sharan 92492 0aEarly Medieval Indian Society:b A Study In Feudalisation /cR S Sharma bOrient Longman,c2003.aHyderbad: a374p aHistory cBK2ddch954.02iSHA/Ek954.02mSHA/E